000 00342 a2200169 4500
001 189702
020 _a978-85-385-4877-5
040 _cMagnum
100 _aVeneza, MaurĂ­cio
240 1 0 _aMacacada
_lpor
245 1 0 _aMacacada
300 _a24
362 0 _a2011
440 1 _aPositivo
697 _aLITERATURA INFANTIL
942 _cBK
999 _c189702
_d189702